Kockáčik /

Hlavní autor: Bero, Peter
Další autoři: Monogramista T.D, 1947-, Hejný, Milan, 1936-
Jazyk: Slovenština
Vydáno: Bratislava : Mladé letá, 1991
Vydání: 1. vydanie
Edice: Knížky - hračky
Fyzický popis: 1 svazek (nestránkováno) ilustrace ; 8° + 11 příloh
Knihy
Uloženo v:
LEADER 01053nam a22003132i 4500
001 001525560
003 CZ BrMZK
005 20160826123954.0
007 ta
008 160510s1991 xo a er|||||||||||slo d
040 |a ABA001  |b cze  |c ABA001  |d ABA001  |d BOA001  |e rda 
080 9 |a 885.0-93 
100 1 |a Bero, Peter  |7 jx20051101019  |4 aut 
245 1 0 |a Kockáčik /  |c Peter Bero, Milan Hejný ; ilustrácie Dezider Tóth 
250 |a 1. vydanie 
264 1 |a Bratislava :  |b Mladé letá,  |c 1991 
300 |a 1 svazek (nestránkováno)  |b ilustrace ;  |c 8° +  |e 11 příloh 
336 |a text  |b txt  |2 rdacontent 
337 |a bez média  |b n  |2 rdamedia 
338 |a svazek  |b nc  |2 rdacarrier 
490 1 |a Knížky - hračky 
521 8 |a Pro nejmenší 
700 0 |a Monogramista T.D,  |d 1947-  |7 jo20010044149  |4 ill 
700 1 |a Hejný, Milan,  |d 1936-  |7 jk01040589  |4 aut 
830 0 |a Knížky - hračky 
910 |a BOA001  |b M3-0975.118 
990 |a BK 
991 |b 201605 
996 7 |b 2619149832  |c M3-0975.118  |l MZK  |r Sklad / do 24 hodin  |n 0  |w 001560694  |u 000010  |a 1  |e BOA001  |j MZK50  |s A